000 00463nam a2200169Ia 4500
008 220216s9999 xx 000 0 und d
100 _aWauters J.B.
245 0 _aCarbon stock in rubber tree plantations in Western Ghana and Mato Grosso (Brazil)
260 _bForest Ecology and Management
_c2008
300 _a2347-2361
700 _aCoudert S.
700 _aGrallien E.
700 _aJonard M.
700 _aPonette Q.
856 _uCAB CD
942 _cJS
999 _c55187
_d55187